Statistics for Pokemon Champions

Click here to take the quiz!

General Stats

  • This quiz has been taken 26 times
  • The average score is 10 of 11

Answer Stats

HintAnswer% Correct
R/B/Y FR/LGBlue
100%
D/P/PCynthia
100%
B/WAlder
95%
B2/W2Iris
95%
S/MKukui
95%
G/S HG/SSLance
95%
R/S OR/ASSteven
95%
EWallace
95%
X/YDiantha
90%
SW/SHLeon
90%
US/UMHau
80%

Score Distribution

Percentile by Number Answered

Percent of People with Each Score

Your Score History

You have not taken this quiz